Les 5 clubs les plus titrés des grands championnats - Statistiques

Statistiques générales
  • Ce quiz a été pris 191 fois
  • Le résultat moyen est 24 sur 35
Statistiques - réponses
Championnats Nombre de championnats Clubs % Correct
Ligue 1 9 Olympique de Marseille
99%
Ligue 1 13 Paris Saint-Germain
99%
Liga 28 FC Barcelone
98%
Premier League 20 Manchester United
98%
Liga 36 Réal Madrid
98%
Premier League 20 FC Liverpool
96%
Premier League 13 FC Arsenal
94%
Serie A 19 AC Milan
93%
Bundesliga 34 Bayern Munich
93%
Serie A 20 Inter Milan
93%
Serie A 36 Juventus Turin
93%
Premier League 10 Manchester City
93%
Bundesliga 8 Borussia Dortmund
92%
Ligue 1 10 AS Saint-Etienne
90%
Liga 11 Atlético Madrid
85%
Eredivisie 36 Ajax Amsterdam
80%
Liga Nos 30 FC Porto
79%
Liga 6 FC Valence
79%
Liga Nos 38 SL Benfica
79%
Eredivisie 26 PSV Eindhoven
77%
Liga Nos 21 Sporting Portugal
77%
Ligue 1 8 FC Nantes
76%
Ligue 1 8 AS Monaco
73%
Eredivisie 16 Feyenoord Rotterdam
67%
Bundesliga 6 Hambourg SV
60%
Liga 8 Athletic Bilbao
58%
Bundesliga 7 Schalke 04
46%
Premier League 9 Everton
44%
Serie A 7 Torino
38%
Liga Nos 1 Boavista
32%
Eredivisie 6 Sparta Rotterdam
25%
Bundesliga 9 FC Nuremberg
17%
Liga Nos 1 Belenenses
14%
Eredivisie 8 HVV Den Hag
2%
Serie A 9 USD Novese
1%
Aucun quiz correspondant
Distribution des résultats
% des personnes avec chaque résultat
Percentile par nombre de réponses
Votre historique - résultats
Vous n’avez pas pris ce quiz